| 000 | 01279nam a2200301 c 4500 | ||
|---|---|---|---|
| 999 |
_c182372 _d182372 |
||
| 003 | BLK | ||
| 005 | 20230406130035.0 | ||
| 008 | 180411b bul|||||r ||||||| ||bul|| | ||
| 010 | _aKNG00191296000 | ||
| 040 | _aBLK | ||
| 041 |
_aBUL _cBUL |
||
| 080 |
_aФизическа география _b911.2 _z911.2 |
||
| 100 | 1 |
_aГловня, Мартин Франсоа _d1919-1966 _gГеограф _eпърви автор _954430 |
|
| 139 |
_aГловня, Мартин Франсоа _bГ 55 |
||
| 245 | 1 | 0 |
_aФизическа география на континентите _bУчебник за студентите по география от Геол.-геогр. фак. на СУ Климент Охридски _cМартин Франсоа Гловня. |
| 257 | _aBGR | ||
| 260 |
_aСофия _bНаука и изкуство _c1967 _fВарна : Ст. Добрев-Странджата |
||
| 300 |
_a744 с. _bс ил. _c22 см |
||
| 380 | _a91 | ||
| 500 | _a5 070 тир. - Библиогр. с. 735-740. | ||
| 650 | 4 |
_aФизическа география _9283035 |
|
| 653 | _aфизическа география | ||
| 653 | 7 |
_aконтиненти _9189095 |
|
| 852 |
_aЦб 41240 _bЦб |
||
| 942 |
_cKNG _n0 _s1 |
||
| 944 |
_aCR _c03.10.2016 _kКина_Георгиева |
||
| 944 |
_aED _c2022-06-08 _kСТ |
||
| 999 | _d182372 | ||